00418pab a2200133 454500008004000000100001700040245008500057260000900142300001400151362001200165650003900177650002800216773004000244180718b2008 xxu||||| |||| 00| 0 eng d aRajesh Kumar aPolitical empowerment of weaker sections: a study of Municipal bodies in Haryana c2008 ap.949-64. aOct-Dec aLocal government - india - Haryana aPolitical participation aIndian Journal of Political Science